NCAA Basketball Players from Finland - Statistics

General Stats
  • This quiz has been taken 12 times
    5 since last reset
  • The average score is 25 of 84
Answer Stats
Position Player School(s) NCAA Career % Correct
F Hanno Möttölä Utah 1996-2000
100%
SF Lauri Markkanen Arizona 2016-2017
100%
G Miro Little Baylor / Utah 2023-Present
75%
PF Alex Murphy Duke / Florida / Northeastern 2011-2017
50%
FC Erik Murphy Florida 2009-2013
50%
PF Kimmo Muurinen Little Rock 2002-2004
50%
F Olivier Nkamhoua Tennessee / Michigan 2019-2024
50%
PF Tomas Murphy Northeastern / Vermont / Nova Southeastern 2017-2023
50%
F Tom Gustafsson Buffalo 1997-1998
50%
SG Andre Gustavson Richmond 2018-2023
25%
F Antti Jokinen East Carolina 1990-1992
25%
C Antti Kasko Loyola Marymount 2003-2004
25%
C Antti Nikkilä Valparaiso 1999-2003
25%
C Artur Surov Saint Joseph's 2003-2007
25%
G Bernard Jansson Columbia 1949-1951
25%
G Daniel Latimer Loyola Marymount 2008-2012
25%
PG Edon Maxhuni Long Beach State 2017-2019
25%
F Eemeli Yalaho Texas Tech 2023-Present
25%
G Eino Montin Stonehill 2024-Present
25%
SG Elias Valtonen Arizona State 2018-2020
25%
G Emil Skytta Central Michigan / Sacramento State 2022-Present
25%
F Esa Maki-Tulokas Long Island 2003-2007
25%
C Federiko Federiko Pittsburgh / Texas Tech 2022-Present
25%
G Fiifi Aidoo Grand Canyon 2016-2018
25%
FC Gerald Lee Jr. Old Dominion 2006-2010
25%
C Gezim Bajrami Long Island 2023-2024
25%
C Hannes Pöllä Oklahoma / UT Martin 2017-2021
25%
F Iiro Tenngren Vanderbilt / Middle Tennessee State 1998-2002
25%
F Jacob Grandison Holy Cross / Illinois / Duke 2017-2023
25%
PG Jamar Wilson Albany 2002-2007
25%
F Jani Hiltunen Middle Tennessee State 1999-2001
25%
F Jari Vanttaja Baylor 2005-2007
25%
C Jarkko Ahlbom BYU 1995-1998
25%
SF Jesper Granlund Longwood 2020-2024
25%
PF Joonas Tahvanainen Utah Valley / Westminster (UT) 2016-2020
25%
F Jouni Eho Davidson 2000-2004
25%
G Juha Luhtanen Ole Miss 1990-1993
25%
SF Julius Rajala Loyola Chicago / Southern Indiana 2014-2018
25%
FC Kai Kostmayer Bryant / Anderson (SC) / Keene State 2020-Present
25%
F Kalevi Sarkalahti BYU 1970-1973
25%
G Kari Kulonen California 1984-1985
25%
F Kari Liimo BYU 1966-1969
25%
F Kilian Cato Maine 2011-2014
25%
C Kimmo Heinonen Youngstown State 1990-1992
25%
GF Kirill Savolainen Dartmouth 2011-2014
25%
PF Lasse Gummerus Marist / Rockhurst 2017-2021
25%
PG Lassi Nikkarinen Montana State 2017-2019
25%
PF Lauri Toivonen UT Rio Grande Valley 2012-2014
25%
G Leo Nordberg Longwood 2023-Present
25%
F Markku Larkio Illinois State 1993-1994
25%
F Martti Kuisma Florida 1990-1994
25%
F Matias Rissanen Central Connecticut State 2023-2024
25%
PF Mikael Herbert Tulane 2013-2014
25%
PF Mikael Jantunen Utah 2019-2021
25%
G Mikko Kemppe Louisiana-Monroe 1999-2001
25%
G Mikko Koivisto UNC Greensboro 2006-2010
25%
G Mikko Niemi Youngstown State 2005-2009
25%
F Mikko Noopila New Mexico State 1997-2001
25%
G Morris Ugusuk South Carolina 2023-Present
25%
C Mubashar Ali Southern 2016-2019
25%
PF Mustapha Amzil Dayton / New Mexico 2020-Present
25%
GF Nikolas Gustavson North Alabama / UT Tyler 2022-Present
25%
FC Olli Ahvenniemi Maine 2003-2007
25%
PF Oskar Michelsen Davidson 2014-2018
25%
F Pasi Lahtinen Fresno State 1989-1990
25%
SG Remu Raitanen San Francisco 2016-2020
25%
F Roberto Mantovani Benedict / Robert Morris 2014-2017
25%
C Roy Herold Illinois State 1977-1981
25%
F Sami Pekkola St. Francis (NY) 2004-2008
25%
PF Samuel Haanpaa Valparaiso 2006-2008
25%
F Samuli Nieminen Stephen F. Austin 2016-2019
25%
SG Shawn Hopkins Troy / North Georgia 2015-2019
25%
F Shawn Huff Valparaiso 2004-2008
25%
G Teemu Suokas Ball State 2020-2022
25%
F Timo Lampen BYU 1960-1961
25%
C Timo Makkonen North Carolina 1980-1984
25%
F Timo Saarelainen BYU 1980-1985
25%
C Touko Tainamo Denver / Wyoming 2021-Present
25%
C Tuukka Jaakkola Cal Poly 2018-2024
25%
F Tuukka Kotti Providence 2001-2005
25%
C Veikko Vainio BYU 1968-1971
25%
F Viljami Vartiainen Weber State 2023-Present
25%
C Ville Malaska St. Peter's 1997-1998
25%
SF Ville Tahvanainen Bradley 2019-2023
25%
No matching quizzes found
Score Distribution
Percent of People with Each Score
Percentile by Number Answered
Your Score History
You have not taken this quiz since the last reset